Planning in the Soviet Union
Αποθηκεύτηκε σε:
| Κύριος συγγραφέας: | |
|---|---|
| Άλλοι συγγραφείς: | |
| Μορφή: | Βιβλίο |
| Γλώσσα: | English |
| Δημοσίευση: |
London :
Croom Helm,
c1981
|
| Θέματα: | |
| Ετικέτες: |
Προσθήκη ετικέτας
Δεν υπάρχουν, Καταχωρήστε ετικέτα πρώτοι!
|
MARC
| LEADER | 00000nam a2200000 i 4500 | ||
|---|---|---|---|
| 001 | 1/78175 | ||
| 008 | 970701s1981 eng d | ||
| 020 | |a 0-85664-571-0 | ||
| 035 | |l 10004508 | ||
| 040 | |a GR-MY-UA |b gre |e aacr | ||
| 041 | 0 | |a eng | |
| 100 | 1 | |a Pallot, Judith. | |
| 245 | 1 | 0 | |a Planning in the Soviet Union / |c Judith Pallot and Denis J. B. Shaw |
| 260 | |a London : |b Croom Helm, |c c1981 | ||
| 300 | |a 303 p., [2] leaves of plates; |c 23 cm | ||
| 504 | |a Includes bibliographical references and index | ||
| 650 | 0 | 0 | |a Regional planning |z Soviet Union. |
| 700 | 1 | |a Shaw, Denis J. B. | |
| 852 | |a INST |b LESVOS |e 19970701 |h 338.947 PAL |p 005100010977 |q 005100010977 |t BK |y 0 | ||
| 909 | |a Λ |b 005782 | ||